[Event "Sparkassen-Open J"]
[Site "Heusenstamm, Martinsee"]
[Date "2019.11.24"]
[Round "6.12"]
[White "Müller, Riyanna"]
[Black "Guo, Felix"]
[Result "1/2-1/2"]
[WhiteElo "1024"]
[BlackElo "1045"]
[PlyCount "124"]
[EventDate "2019.??.??"]
[WhiteTeam "SC Landskrone"]
[BlackTeam "SK Mannheim-Lindenhof"]

1. e4 e5 2. Nf3 Nc6 3. Bc4 Bc5 4. d3 Nf6 5. Nc3 d6 6. Bg5 h6 7. Bh4 g5 8. Bg3
Bg4 9. h3 Bh5 10. Bh2 Bxf3 11. Qxf3 Nd4 12. Qd1 Qe7 13. Qd2 O-O-O 14. O-O-O Bb4
15. a3 Bxc3 16. bxc3 Nc6 17. Bb3 d5 18. Kb2 dxe4 19. Qe3 exd3 20. cxd3 e4 21.
d4 Qd7 22. Rhe1 Na5 23. Qg3 Nh5 24. Qe5 Nxb3 25. Kxb3 Rhe8 26. Qc5 b6 27. Qc4
Qe6 28. Qxe6+ Rxe6 29. f3 exf3 30. gxf3 Rxe1 31. Rxe1 Rd5 32. Re8+ Kd7 33. Rh8
Rb5+ 34. Ka2 Rf5 35. Rxh6 Nf6 36. Be5 Nd5 37. c4 Ne3 38. Rf6 Rxf6 39. Bxf6 Nxc4
40. Bxg5 Ke6 41. h4 f6 42. Bh6 Kf7 43. Bf4 c6 44. h5 Kg7 45. h6+ Kh7 46. Bc1
Nd6 47. Kb3 Nf5 48. Kc4 Nxh6 49. Bxh6 Kxh6 50. d5 cxd5+ 51. Kxd5 Kg5 52. Ke6
Kf4 53. Kxf6 Kxf3 54. Ke6 Ke4 55. Kd6 Kd4 56. Kc6 Kc4 57. Kb7 Kb3 58. Kxa7 b5
59. Ka6 Kc4 60. Ka5 Kc5 61. Ka6 Kc6 62. Ka5 Kc5 1/2-1/2

[Event "Sparkassen-Open J"]
[Site "Heusenstamm, Martinsee"]
[Date "2019.11.24"]
[Round "6.13"]
[White "Stiehl, Richard"]
[Black "Angrick, Otto-Nikolaus"]
[Result "1-0"]
[WhiteElo "1205"]
[BlackElo "974"]
[PlyCount "55"]
[EventDate "2019.??.??"]
[WhiteTeam "SV Multatuli Ingelheim e.V."]
[BlackTeam "MSA Zugzwang"]

1. e4 e5 2. Nf3 Nf6 3. Nc3 Nc6 4. Bc4 Nxe4 5. O-O Nxc3 6. bxc3 Bc5 7. d4 exd4
8. cxd4 Bd6 9. Re1+ Ne7 10. Bg5 O-O 11. Re3 h6 12. Bh4 Re8 13. Qe2 Bb4 14. c3
Bd6 15. Re1 Kf8 16. Ne5 f6 17. Nf7 b6 18. Nxd8 Rxd8 19. Rxe7 Ba6 20. Bxa6 Bxe7
21. Qxe7+ Kg8 22. Bc4+ Kh8 23. Qf7 Rf8 24. Qxd7 Rac8 25. Re7 b5 26. Rxg7 bxc4
27. Rh7+ Kg8 28. Qg7# 1-0

[Event "Sparkassen-Open J"]
[Site "Heusenstamm, Martinsee"]
[Date "2019.11.24"]
[Round "6.14"]
[White "Sadri, Adrian"]
[Black "Himmelspacht, Maxim"]
[Result "0-1"]
[WhiteElo "1243"]
[BlackElo "1189"]
[PlyCount "96"]
[EventDate "2019.??.??"]
[WhiteTeam "SC Bad Soden"]
[BlackTeam "SK Gießen"]

1. e4 e6 2. d4 d5 3. exd5 exd5 4. Nf3 Nf6 5. Bf4 Bf5 6. Nc3 Bb4 7. Bd3 Qe7+ 8.
Ne5 Bxd3 9. Qxd3 Nc6 10. O-O Nxe5 11. dxe5 Bxc3 12. Qxc3 Ne4 13. Qd4 c6 14. c4
Qc5 15. Qxc5 Nxc5 16. cxd5 cxd5 17. b4 Ne6 18. Be3 O-O 19. Rad1 Rfd8 20. Rd3 d4
21. Bc1 Rd5 22. Re1 Rc8 23. Ba3 Rc2 24. Ra1 Rxe5 25. b5 Rxb5 26. Rc1 Rxc1+ 27.
Bxc1 Rb1 28. Rd1 d3 29. Re1 f6 30. h3 Nd4 31. Bd2 Rxe1+ 32. Bxe1 Kf7 33. f3 Ke6
34. Kf2 Kd5 35. Ke3 Nc2+ 36. Kd2 Nxe1 37. Kxe1 Kd4 38. Kd2 b5 39. g4 g5 40. a3
a5 41. Kd1 Ke3 42. Ke1 d2+ 43. Kd1 h6 44. h4 gxh4 45. f4 Kd3 46. g5 h3 47. a4
h2 48. gxh6 h1=Q# 0-1

[Event "Sparkassen-Open J"]
[Site "Heusenstamm, Martinsee"]
[Date "2019.11.24"]
[Round "6.15"]
[White "Albrecht, Angelique"]
[Black "Jelinek, Tim"]
[Result "1-0"]
[WhiteElo "1185"]
[BlackElo "1224"]
[PlyCount "81"]
[EventDate "2019.??.??"]
[WhiteTeam "SV Multatuli Ingelheim e.V."]
[BlackTeam "SC Kahl"]

1. e4 e5 2. Nf3 Nc6 3. Nc3 Bc5 4. Bc4 d6 5. d3 f6 6. O-O Nge7 7. Bd2 f5 8. Ng5
Rf8 9. Nxh7 Rh8 10. Ng5 Rf8 11. Qh5+ g6 12. Qh7 d5 13. Nxd5 Nxd5 14. Bxd5 Ne7
15. Bf7+ Kd7 16. Ne6 Rxf7 17. Qxf7 Qg8 18. Qxg8 Nxg8 19. Nxc5+ Kd6 20. Nb3 Nh6
21. Bxh6 Be6 22. exf5 Bxf5 23. Rfe1 Rg8 24. Bg5 Rf8 25. Re3 e4 26. dxe4 Bg4 27.
f3 Be6 28. Rd1+ Kc6 29. Nd4+ Kd6 30. Nxe6+ Kxe6 31. Rf1 Rf7 32. f4 Rd7 33. f5+
gxf5 34. exf5+ Kf7 35. f6 Rd5 36. Re7+ Kf8 37. Bh6+ Kg8 38. f7+ Kh7 39. f8=Q+
Kg6 40. Rg7+ Kxh6 41. Qh8# 1-0

[Event "Sparkassen-Open J"]
[Site "Heusenstamm, Martinsee"]
[Date "2019.11.24"]
[Round "6.16"]
[White "Zhao, Yunsheng"]
[Black "Tobias, Franziska Ylvi"]
[Result "1-0"]
[WhiteElo "1145"]
[BlackElo "1266"]
[PlyCount "81"]
[EventDate "2019.??.??"]
[WhiteTeam "SK Langen"]
[BlackTeam "SV Oberursel"]

1. e4 e5 2. Nf3 Nc6 3. Bc4 Bc5 4. c3 Nf6 5. d4 exd4 6. cxd4 Bb4+ 7. Bd2 Bxd2+
8. Nbxd2 O-O 9. O-O d5 10. exd5 Nxd5 11. Re1 Bg4 12. h3 Bh5 13. Nf1 Bxf3 14.
Qxf3 Nb6 15. Rac1 Nxd4 16. Qxb7 Nf5 17. Rcd1 Qf6 18. Bd3 Nd7 19. Qb5 Nh4 20.
Qxd7 Qg5 21. Qg4 Qxg4 22. hxg4 g6 23. Be4 Rfe8 24. Bxa8 Rxa8 25. Re3 Rb8 26. g3
Nf5 27. gxf5 gxf5 28. b3 Rb4 29. Rd7 Rb7 30. Ree7 Kg7 31. Rxf7+ Kg6 32. Rxh7 a6
33. Rxc7 Rxc7 34. Rxc7 a5 35. a3 Kg5 36. b4 axb4 37. axb4 f4 38. b5 fxg3 39. b6
gxf2+ 40. Kxf2 Kf4 41. b7 1-0

[Event "Sparkassen-Open J"]
[Site "Heusenstamm, Martinsee"]
[Date "2019.11.24"]
[Round "6.17"]
[White "Henzelmann, Matthias"]
[Black "Heller, Roan"]
[Result "0-1"]
[WhiteElo "843"]
[BlackElo "1490"]
[PlyCount "34"]
[EventDate "2019.??.??"]
[WhiteTeam "SK Gießen"]
[BlackTeam "TuS Dotzheim"]

1. e4 e5 2. Nf3 Nc6 3. Bc4 Nf6 4. O-O Bc5 5. Nc3 O-O 6. d3 d6 7. Nd5 h6 8. Qe1
Bg4 9. Qd1 Nd4 10. c3 Nxf3+ 11. gxf3 Bh3 12. Re1 Nxd5 13. Bxd5 Qh4 14. Kh1 Qxf2
15. Rg1 g5 16. Qe1 Qxf3+ 17. Rg2 Qxg2# 0-1

[Event "Sparkassen-Open J"]
[Site "Heusenstamm, Martinsee"]
[Date "2019.11.24"]
[Round "6.19"]
[White "Hott, Arthur"]
[Black "Carls, Bela"]
[Result "1-0"]
[WhiteElo "782"]
[BlackElo "1016"]
[PlyCount "81"]
[EventDate "2019.??.??"]
[WhiteTeam "SC Bad Soden"]
[BlackTeam "Frankfurter TV"]

1. e4 c5 2. Nc3 d6 3. Nf3 Nc6 4. Bc4 Nf6 5. d3 g6 6. Bf4 Bg4 7. O-O Bg7 8. h3
Bxf3 9. Qxf3 Nd4 10. Qd1 Qb6 11. Rb1 O-O 12. Re1 e5 13. Bg5 Nh5 14. Nd5 Qa5 15.
a3 Qa4 16. Bb3 Qd7 17. Qc1 b5 18. Kf1 Qc6 19. Ne7+ Kh8 20. Nxc6 Nxc6 21. g4 Nf6
22. Bxf6 Bxf6 23. Bd5 Rac8 24. Bxc6 Rxc6 25. b3 h6 26. Qxh6+ Kg8 27. g5 Bg7 28.
Qh4 a5 29. Qg3 c4 30. dxc4 bxc4 31. bxc4 Rxc4 32. c3 Rd8 33. Rb7 Ra4 34. Qf3
Rf8 35. Reb1 Rxa3 36. Rb8 Rxb8 37. Rxb8+ Kh7 38. Qg4 Ra1+ 39. Kg2 a4 40. Qh4+
Bh6 41. Qxh6# 1-0

[Event "Sparkassen-Open J"]
[Site "Heusenstamm, Martinsee"]
[Date "2019.11.24"]
[Round "6.20"]
[White "Milman, Sophie"]
[Black "Neininger, Pascal"]
[Result "1-0"]
[WhiteElo "917"]
[BlackElo "862"]
[PlyCount "49"]
[EventDate "2019.??.??"]
[WhiteTeam "SC Heusenstamm"]
[BlackTeam "SV Oberursel"]

1. e4 d5 2. e5 Nc6 3. Nf3 g6 4. d4 Bg7 5. Nc3 Bf5 6. Bg5 f6 7. Bf4 fxe5 8. dxe5
e6 9. Bd3 Bxd3 10. Qxd3 Nge7 11. O-O Qd7 12. Qb5 O-O-O 13. Na4 a6 14. Qb3 Na5
15. Qb4 Nec6 16. Qc3 d4 17. Qd2 Rdf8 18. Nc5 Qd5 19. b4 Nc4 20. Qc1 N6xe5 21.
Nxe5 Nxe5 22. Bg3 d3 23. cxd3 b6 24. Nxa6 Nxd3 25. Qxc7# 1-0

[Event "Sparkassen-Open J"]
[Site "Heusenstamm, Martinsee"]
[Date "2019.11.24"]
[Round "6.21"]
[White "Hartl, Maximilian"]
[Black "Angrick, Carl-Friedrich"]
[Result "0-1"]
[WhiteElo "890"]
[BlackElo "1146"]
[PlyCount "96"]
[EventDate "2019.??.??"]
[WhiteTeam "TSV Landsberg"]
[BlackTeam "MSA Zugzwang"]

1. e4 e5 2. Nf3 Nc6 3. Bc4 Bc5 4. d3 Nf6 5. c3 O-O 6. O-O d6 7. Qe2 Bg4 8. Be3
Bb6 9. Bxb6 axb6 10. Nbd2 Na5 11. h3 Bh5 12. b4 Nxc4 13. dxc4 c5 14. bxc5 bxc5
15. Rfd1 Qc7 16. Nb3 Qc6 17. Rd3 Rfd8 18. Rad1 Ra6 19. Nxe5 Bxe2 20. Nxc6 Rxc6
21. R1d2 Bxd3 22. Rxd3 Nxe4 23. f3 Nf6 24. Kf2 d5 25. cxd5 Rxd5 26. Re3 Ra6 27.
c4 Rxa2+ 28. Kg3 Rd8 29. Nxc5 Rc2 30. Nxb7 Rb8 31. Rd3 Rxc4 32. Ra3 Rcc8 33.
Nd6 Rd8 34. Nf5 g6 35. Ne7+ Kg7 36. Nc6 Ra8 37. Re3 Re8 38. Rc3 Rac8 39. f4
Ne4+ 40. Kf3 Nxc3 41. Ne5 g5 42. Ke3 gxf4+ 43. Kxf4 Ne2+ 44. Kf5 Nd4+ 45. Kf4
f6 46. Ng4 Ne2+ 47. Kf5 Rf8 48. h4 h5 0-1

[Event "Sparkassen-Open J"]
[Site "Heusenstamm, Martinsee"]
[Date "2019.11.24"]
[Round "6.23"]
[White "Claussen, Daniela"]
[Black "González Peisker, Mateo León"]
[Result "0-1"]
[WhiteElo "870"]
[BlackElo "970"]
[PlyCount "66"]
[EventDate "2019.??.??"]
[WhiteTeam "SF Essen-Werden"]
[BlackTeam "SV Multatuli Ingelheim e.V."]

1. e3 e5 2. b3 Nc6 3. Bb2 Bc5 4. Nf3 d6 5. Bb5 Bd7 6. O-O a6 7. Bxc6 Bxc6 8. d4
exd4 9. exd4 Bb6 10. Re1+ Ne7 11. Nbd2 Qd7 12. h3 O-O-O 13. Ng5 Qf5 14. Ndf3
Ng6 15. Qd2 h6 16. Qd3 Qxd3 17. cxd3 hxg5 18. Nxg5 Rhf8 19. g3 f6 20. Ne6 Bb5
21. Rac1 Rh8 22. Nxd8 Kxd8 23. a4 Bxd3 24. h4 Ba5 25. Re3 Bf5 26. f3 Bd2 27.
Rec3 Bxc1 28. Rxc1 Re8 29. g4 Bd7 30. h5 Nf4 31. Kh2 Re2+ 32. Kg3 Nd3 33. Rd1
Nxb2 0-1

[Event "Sparkassen-Open J"]
[Site "Heusenstamm, Martinsee"]
[Date "2019.11.24"]
[Round "6.24"]
[White "Plaumann, Finja"]
[Black "Spelleken, Mark"]
[Result "0-1"]
[WhiteElo "820"]
[BlackElo "961"]
[PlyCount "134"]
[EventDate "2019.??.??"]
[WhiteTeam "SF Heidesheim"]
[BlackTeam "SC Kahl"]

1. d4 d5 2. c4 c6 3. Nf3 Bf5 4. Nc3 Nf6 5. e3 e6 6. Bd3 Bg6 7. O-O Bb4 8. Ne5
Bxc3 9. bxc3 Bxd3 10. Qxd3 Nbd7 11. Nf3 O-O 12. Ba3 Re8 13. Qb1 b6 14. c5 bxc5
15. dxc5 Rb8 16. Qc2 h6 17. Qa4 Qc7 18. Rab1 Ne4 19. c4 Nexc5 20. Bxc5 Nxc5 21.
Qc2 Ne4 22. cxd5 exd5 23. Rbc1 Re6 24. Nd4 Rd6 25. f3 Nf6 26. Nf5 Re6 27. Qf2
Re5 28. Nd4 c5 29. Nb3 c4 30. Qg3 Nh5 31. Qh3 Nf6 32. f4 Ree8 33. Nd4 Kh7 34.
Qg3 Nh5 35. Qg4 g6 36. f5 Rxe3 37. fxg6+ fxg6 38. Ne6 Qe7 39. Rce1 Rxe1 40.
Rxe1 Qf7 41. Rf1 Nf6 42. Nd4 Qe7 43. Nc6 Nxg4 44. Nxe7 d4 45. Nc6 Rc8 46. Nxd4
a5 47. h3 Ne3 48. Rf7+ Kg8 49. Rf3 Nd5 50. Nc2 Kg7 51. g4 c3 52. Kf2 Nb4 53.
Nd4 c2 54. Nxc2 Rxc2+ 55. Kg3 Rxa2 56. h4 a4 57. h5 a3 58. hxg6 Kxg6 59. Kf4
Ra1 60. Ke5 a2 61. Rf6+ Kg7 62. Kf5 Rf1+ 63. Ke5 Rxf6 64. Kd4 a1=Q+ 65. Ke3
Qc3+ 66. Ke4 Qd3+ 67. Ke5 Qd5# 0-1

[Event "Sparkassen-Open J"]
[Site "Heusenstamm, Martinsee"]
[Date "2019.11.24"]
[Round "6.25"]
[White "Terlinde, Mattis"]
[Black "Gärtner, David"]
[Result "0-1"]
[WhiteElo "807"]
[BlackElo "958"]
[PlyCount "92"]
[EventDate "2019.??.??"]
[WhiteTeam "SK Gau-Algesheim"]
[BlackTeam "SF Heidesheim"]

1. e4 c5 2. Nc3 Nc6 3. Nf3 Nf6 4. d3 e5 5. Bg5 g6 6. Be2 Bg7 7. O-O O-O 8. Nd5
d6 9. Nxf6+ Bxf6 10. Bh6 Bg7 11. Bg5 Qc7 12. h3 Be6 13. c4 f5 14. exf5 Rxf5 15.
g4 Rf7 16. Nh2 Raf8 17. Qe1 Nd4 18. Bd1 Qc6 19. f3 b5 20. b3 b4 21. a4 a5 22.
Ra2 Qb7 23. Raf2 Bd7 24. Be2 Nxb3 25. Bd1 Nd4 26. Be2 Bxa4 27. Qa1 Qc6 28. Re1
Nc2 29. Qxa4 Qxa4 30. Rc1 b3 31. Rff1 b2 32. Rb1 Rb8 33. Bd1 Qb3 34. Be2 a4 35.
Bc1 bxc1=Q 36. Rbxc1 Ne3 37. Rfe1 a3 38. Rb1 Qxb1 39. Rxb1 Rxb1+ 40. Kf2 a2 41.
Kxe3 a1=Q 42. g5 Qd4+ 43. Kd2 Rb2+ 44. Ke1 Qg1+ 45. Bf1 Qxh2 46. Be2 Qxe2# 0-1

[Event "Sparkassen-Open J"]
[Site "Heusenstamm, Martinsee"]
[Date "2019.11.24"]
[Round "6.27"]
[White "Ramien, Eva"]
[Black "Ninnemann, Patrick"]
[Result "0-1"]
[WhiteElo "798"]
[BlackElo "892"]
[PlyCount "76"]
[EventDate "2019.??.??"]
[WhiteTeam "SG Porz"]
[BlackTeam "SC Bad Soden"]

1. e4 e5 2. Nf3 Nc6 3. Bc4 Bc5 4. Nc3 Nf6 5. d3 d6 6. Bg5 h6 7. Bh4 Bg4 8. h3
Bh5 9. O-O O-O 10. Nd5 Nd4 11. Nxd4 Bxd1 12. Raxd1 Bxd4 13. Nxf6+ gxf6 14. c3
Bb6 15. Bd5 c6 16. Bb3 d5 17. exd5 cxd5 18. c4 d4 19. Rde1 Ba5 20. Rd1 Re8 21.
a3 e4 22. dxe4 Rxe4 23. Bg3 a6 24. Bh2 b5 25. cxb5 axb5 26. Bc2 Re2 27. Bd3
Rxb2 28. Be4 Rc8 29. Bb7 Rc3 30. Rfe1 Rxa3 31. Re4 Bb6 32. Rde1 Qd7 33. Re8+
Kg7 34. R8e7 Qf5 35. Be4 Qxf2+ 36. Kh1 Qxe1+ 37. Bg1 d3 38. Bb7 Qxg1# 0-1

[Event "Sparkassen-Open J"]
[Site "Heusenstamm, Martinsee"]
[Date "2019.11.24"]
[Round "6.28"]
[White "Gärtner, Anna"]
[Black "Jäger, Viktoria"]
[Result "0-1"]
[WhiteElo "779"]
[BlackElo "869"]
[PlyCount "98"]
[EventDate "2019.??.??"]
[WhiteTeam "SF Heidesheim"]
[BlackTeam "SK Bad Homburg"]

1. d4 d5 2. c4 c6 3. Nc3 Nf6 4. Bg5 Bf5 5. Bxf6 exf6 6. e3 Bb4 7. Qd2 Nd7 8. a3
Bxc3 9. Qxc3 Qe7 10. Bd3 Qe6 11. Bxf5 Qxf5 12. Nf3 Qe4 13. Nd2 Qxg2 14. Rf1
Qxh2 15. cxd5 cxd5 16. e4 dxe4 17. Nxe4 f5 18. Nd2 O-O 19. Rc1 Rfe8+ 20. Kd1
Rac8 21. Qb4 Nb6 22. Re1 Rxe1+ 23. Kxe1 Rxc1+ 24. Ke2 Rc2 25. Qe7 g6 26. Qe8+
Kg7 27. Qe5+ Qxe5+ 28. dxe5 Nc4 29. Kd3 Rxb2 30. Nxc4 Rxf2 31. Nd6 h5 32. Ke3
Rg2 33. Kf3 Rg5 34. Kf4 Rg1 35. Kf3 h4 36. Kf2 Rg5 37. Nxb7 h3 38. Ke3 h2 39.
Kd4 h1=Q 40. Kc5 Qxb7 41. Kd4 Qb5 42. a4 Qxa4+ 43. Kd5 f4 44. Kd6 Qa5 45. e6
fxe6 46. Kxe6 Qb6+ 47. Ke7 Rc5 48. Kd7 Rc7+ 49. Kd8 Qb8# 0-1

[Event "Sparkassen-Open J"]
[Site "Heusenstamm, Martinsee"]
[Date "2019.11.24"]
[Round "6.29"]
[White "Akcapinar, Timur"]
[Black "Basoglu, Jakob"]
[Result "1-0"]
[WhiteElo "1106"]
[BlackElo "945"]
[PlyCount "39"]
[EventDate "2019.??.??"]
[WhiteTeam "SF Essen-Werden"]
[BlackTeam "SC Heusenstamm"]

1. e4 e5 2. Nf3 Nf6 3. d4 exd4 4. e5 Nd5 5. Qxd4 Nb6 6. Bg5 Be7 7. Qd2 O-O 8.
Nc3 Re8 9. Bf4 d6 10. O-O-O Nc6 11. exd6 Bxd6 12. Bxd6 Be6 13. Be5 Qxd2+ 14.
Rxd2 Nc4 15. Re2 Bg4 16. Bxc7 Bxf3 17. Rxe8+ Rxe8 18. Bxc4 Bxg2 19. Rg1 Be4 20.
Re1 1-0

[Event "Sparkassen-Open J"]
[Site "Heusenstamm, Martinsee"]
[Date "2019.11.24"]
[Round "6.31"]
[White "Paschedag, Vivien"]
[Black "Schilling, Pascal"]
[Result "1-0"]
[WhiteElo "923"]
[BlackElo "838"]
[PlyCount "49"]
[EventDate "2019.??.??"]
[WhiteTeam "SC Heusenstamm"]
[BlackTeam "SV Ffm-Griesheim"]

1. e4 e5 2. Nf3 Nc6 3. Bc4 Bc5 4. O-O Nf6 5. c3 O-O 6. d4 exd4 7. cxd4 Bb4 8.
e5 Ne4 9. a3 Nd2 10. Nbxd2 Bxd2 11. Bxd2 d5 12. Bb5 a6 13. Ba4 b5 14. Bb3 Bg4
15. h3 Bxf3 16. Qxf3 Nxd4 17. Qd3 Nxb3 18. Qxb3 Re8 19. Rfe1 f6 20. exf6 gxf6
21. Rxe8+ Qxe8 22. Re1 Qg6 23. Qxd5+ Kh8 24. Qxa8+ Kg7 25. Re7+ 1-0

[Event "Sparkassen-Open J"]
[Site "Heusenstamm, Martinsee"]
[Date "2019.11.24"]
[Round "6.32"]
[White "Glavev, Danail"]
[Black "Yang, Sophie"]
[Result "1-0"]
[WhiteElo "829"]
[BlackElo "849"]
[PlyCount "55"]
[EventDate "2019.??.??"]
[WhiteTeam "SV Oberursel"]
[BlackTeam "SK Mannheim-Lindenhof"]

1. e4 e6 2. Nc3 c5 3. Nf3 Nc6 4. g3 d5 5. exd5 exd5 6. Bg2 Nf6 7. O-O Be7 8.
Re1 O-O 9. d3 Bg4 10. Bf4 Nd4 11. h3 Bh5 12. g4 Bg6 13. Nxd4 cxd4 14. Nb5 Qb6
15. Nc7 Rac8 16. Nxd5 Nxd5 17. Bxd5 Bb4 18. Rf1 Rfe8 19. a3 Bf8 20. Qf3 Re7 21.
Rfe1 Rd7 22. Be4 Rxc2 23. Bxg6 Qxg6 24. Re2 Rxe2 25. Qxe2 Bd6 26. Bxd6 Qxd6 27.
Rc1 Qh6 28. Qe8# 1-0

[Event "Sparkassen-Open J"]
[Site "Heusenstamm, Martinsee"]
[Date "2019.11.24"]
[Round "6.33"]
[White "Müller, Mirelle-Fabienne"]
[Black "Heidtkamp, Anna"]
[Result "0-1"]
[WhiteElo "847"]
[BlackElo "788"]
[PlyCount "44"]
[EventDate "2019.??.??"]
[WhiteTeam "SC Landskrone"]
[BlackTeam "Düsseldorfer SV"]

1. e4 e5 2. Nc3 Nf6 3. f4 exf4 4. d4 Bb4 5. Qe2 Nc6 6. Nf3 O-O 7. Bxf4 Re8 8.
O-O-O d6 9. e5 dxe5 10. dxe5 Qe7 11. exf6 gxf6 12. Bh6 Bf5 13. Nd5 Qxe2 14.
Bxe2 Rxe2 15. Nxf6+ Kh8 16. Rd5 Rxc2+ 17. Kd1 Bg6 18. Nh4 Rxb2 19. Rf1 Bc2+ 20.
Kc1 Bc3 21. g4 Nd4 22. Rf2 Rb1# 0-1

[Event "Sparkassen-Open J"]
[Site "Heusenstamm, Martinsee"]
[Date "2019.11.24"]
[Round "6.34"]
[White "Kanno, Gabriel Felix"]
[Black "Heller, Karan"]
[Result "1-0"]
[WhiteElo "726"]
[BlackElo "844"]
[PlyCount "75"]
[EventDate "2019.??.??"]
[WhiteTeam "SK Altenkirchen"]
[BlackTeam "TuS Dotzheim"]

1. e4 e5 2. Nf3 Nc6 3. Bc4 Nf6 4. Ng5 Qe7 5. Nxf7 Rg8 6. Nd6+ Qxd6 7. Bxg8 Nxg8
8. d3 Be7 9. Qh5+ g6 10. Qxh7 Qe6 11. Qg7 Bf6 12. Qxg6+ Qf7 13. Qxf7+ Kxf7 14.
O-O Nh6 15. Bxh6 Be7 16. Nc3 b6 17. Nb5 Bd8 18. Rfe1 Nb4 19. Rac1 Nxa2 20. Rb1
Nb4 21. Re3 Nxc2 22. Rf3+ Kg6 23. Rc1 Kxh6 24. Rxc2 c6 25. Rf8 Be7 26. Rh8+ Kg7
27. Re8 Bf6 28. Nc7 Rb8 29. Re2 a5 30. Re3 b5 31. Rg3+ Kf7 32. Rgg8 Bb7 33.
Rxb8 Ke7 34. Rxb7 Kd6 35. Rg6 Kc5 36. Rxf6 Kd4 37. Rd6+ Kc5 38. Rxd7 1-0

[Event "Sparkassen-Open J"]
[Site "Heusenstamm, Martinsee"]
[Date "2019.11.24"]
[Round "6.35"]
[White "Sarbu, Carla Alexandra"]
[Black "Culha, Merve"]
[Result "0-1"]
[WhiteElo "846"]
[BlackElo "874"]
[PlyCount "70"]
[EventDate "2019.??.??"]
[WhiteTeam "SC Saarlouis"]
[BlackTeam "SC Heusenstamm"]

1. e4 e5 2. Nf3 Nf6 3. Nc3 Nc6 4. Bc4 Bc5 5. O-O d6 6. d3 h6 7. Nd5 Nxd5 8.
Bxd5 Be6 9. Bxe6 fxe6 10. Ne1 Qh4 11. Nf3 Qh5 12. Be3 O-O-O 13. Bxc5 dxc5 14.
c3 Rhf8 15. Ne1 Qh4 16. g3 Qf6 17. Rb1 Rf7 18. f4 Rdf8 19. Ng2 Qg6 20. b4 exf4
21. Nxf4 Rxf4 22. Qe2 c4 23. b5 Ne5 24. Kh1 Rf3 25. d4 Qg4 26. Qg2 Nd3 27. Rxf3
Rxf3 28. Rf1 Rf6 29. h3 Qg5 30. e5 Rf5 31. g4 Rf4 32. Qg1 Qh4 33. Kh2 Rf2+ 34.
Rxf2 Nxf2 35. a4 Qxh3# 0-1

[Event "Sparkassen-Open J"]
[Site "Heusenstamm, Martinsee"]
[Date "2019.11.24"]
[Round "7.1"]
[White "Eull, Emil"]
[Black "Kanno, Clara Yumi"]
[Result "1-0"]
[WhiteElo "1504"]
[BlackElo "1142"]
[PlyCount "99"]
[EventDate "2019.??.??"]
[WhiteTeam "SF Neuberg"]
[BlackTeam "SK Altenkirchen"]

1. e4 c5 2. Nf3 d6 3. d4 cxd4 4. Nxd4 Nf6 5. Nc3 a6 6. f3 e6 7. Bg5 Be7 8. Qd2
O-O 9. O-O-O h6 10. Be3 Nc6 11. g4 Qd7 12. h4 Nxd4 13. Bxd4 Nh7 14. Be3 f6 15.
Ne2 Qa4 16. Kb1 e5 17. Nc3 Qc6 18. Nd5 Rf7 19. Nxe7+ Rxe7 20. g5 hxg5 21. hxg5
Re6 22. Bh3 Re7 23. gxf6 Nxf6 24. Bg5 Rf7 25. Rdg1 Nh7 26. Bh6 Bxh3 27. Rxh3
Rc8 28. Rhg3 Rcc7 29. Qg2 Qd7 30. Rh1 Kf8 31. Bg5 Kg8 32. Qh2 g6 33. Bh6 Rf6
34. Rhg1 Qe6 35. Bg5 Nxg5 36. Rxg5 Rg7 37. Qg2 Kf7 38. b3 Qc8 39. Qd2 Qc5 40.
Rf1 Rh7 41. f4 Rh4 42. f5 gxf5 43. Rgxf5 Rxf5 44. exf5 e4 45. Qg2 Qb5 46. Qg6+
Ke7 47. f6+ Kd7 48. Rg1 e3 49. Qg7+ Kc6 50. f7 1-0

[Event "Sparkassen-Open J"]
[Site "Heusenstamm, Martinsee"]
[Date "2019.11.24"]
[Round "7.2"]
[White "Akhmatovski, Maxim"]
[Black "Kürschner, Liam"]
[Result "1/2-1/2"]
[WhiteElo "1359"]
[BlackElo "1423"]
[PlyCount "39"]
[EventDate "2019.??.??"]
[WhiteTeam "SV Oberursel"]
[BlackTeam "SK Langen"]

1. d4 Nf6 2. c4 e6 3. Nf3 d5 4. e3 c6 5. Nc3 Nbd7 6. Bd3 Bb4 7. O-O O-O 8. Bd2
Be7 9. Rc1 Qb6 10. Qc2 dxc4 11. Bxc4 Qc7 12. Qb3 h6 13. h3 Nb6 14. Rfd1 Nxc4
15. Qxc4 Rd8 16. e4 b6 17. Ne5 c5 18. Nb5 Qb7 19. f3 a6 20. Na3 1/2-1/2

[Event "Sparkassen-Open J"]
[Site "Heusenstamm, Martinsee"]
[Date "2019.11.24"]
[Round "7.3"]
[White "Negru, Maximilian"]
[Black "Gräßer, Malte"]
[Result "1-0"]
[WhiteElo "1323"]
[BlackElo "1210"]
[PlyCount "43"]
[EventDate "2019.??.??"]
[WhiteTeam "SK Bad Homburg"]
[BlackTeam "SF Heidesheim"]

1. e4 e6 2. d4 d5 3. Nc3 c5 4. Be3 b6 5. dxc5 bxc5 6. exd5 exd5 7. Nxd5 Bb7 8.
Nc3 Qc7 9. Qd2 Nd7 10. O-O-O Bc6 11. Re1 Be7 12. Nf3 Qb7 13. Nh4 Bxh4 14. Bg5+
Ne7 15. Rxe7+ Kf8 16. Bxh4 Rb8 17. b3 Rd8 18. Qd6 Kg8 19. Bc4 Rf8 20. Qf4 h6
21. Bxf7+ Kh7 22. Qf5+ 1-0

[Event "Sparkassen-Open J"]
[Site "Heusenstamm, Martinsee"]
[Date "2019.11.24"]
[Round "7.4"]
[White "Rodermel, Leonie"]
[Black "Strauß, Florian"]
[Result "0-1"]
[WhiteElo "1097"]
[BlackElo "1231"]
[PlyCount "162"]
[EventDate "2019.??.??"]
[WhiteTeam "SV Oberursel"]
[BlackTeam "SV Multatuli Ingelheim e.V."]

1. e4 d5 2. exd5 Nf6 3. c4 e6 4. dxe6 Bxe6 5. Nf3 Bc5 6. d4 Bb6 7. d5 Bg4 8.
Qe2+ Qe7 9. Qxe7+ Kxe7 10. Be2 Ne4 11. O-O Nd6 12. b3 Bxf3 13. Bxf3 Bd4 14. Nc3
Bxc3 15. Rb1 Bb4 16. a3 Bc3 17. Bb2 Bxb2 18. Rfe1+ Kd7 19. Rxb2 Re8 20. Rxe8
Kxe8 21. Re2+ Kf8 22. c5 Nb5 23. a4 Nd4 24. Re3 Nxf3+ 25. Rxf3 Nd7 26. c6 bxc6
27. dxc6 Nf6 28. Rc3 Rd8 29. Kf1 Nd5 30. Rf3 Nb4 31. Ke2 Nxc6 32. Rc3 Nd4+ 33.
Ke3 Ne6 34. Rc6 Ke7 35. Ra6 Ra8 36. b4 g6 37. g3 Kf8 38. f4 Kg7 39. Ke4 Rb8 40.
Rxa7 Rxb4+ 41. Kd3 c5 42. Kc3 Kh6 43. Rxf7 Rxa4 44. Re7 Nd4 45. Re5 Ra5 46. Kc4
Nf3 47. Rxc5 Rxc5+ 48. Kxc5 Nxh2 49. Kd4 Kh5 50. Ke5 Nf1 51. f5 Nxg3 52. f6 Kh6
53. Ke6 Nf5 54. Kf7 g5 55. Ke6 Nd4+ 56. Ke5 Kg6 57. f7 Kxf7 58. Kxd4 Kf6 59.
Ke3 Kf5 60. Kf3 h5 61. Kg3 Ke4 62. Kh3 Kf4 63. Kg2 Kg4 64. Kh2 h4 65. Kg2 Kh5
66. Kh3 g4+ 67. Kg2 Kg5 68. Kh2 Kf4 69. Kg2 g3 70. Kh3 Kf3 71. Kxh4 g2 72. Kg5
g1=Q+ 73. Kf5 Qd4 74. Ke6 Qc5 75. Kf6 Kf4 76. Ke6 Qe5+ 77. Kd7 Qf6 78. Kc7 Ke5
79. Kd7 Qd6+ 80. Ke8 Qc7 81. Kf8 Kf6 0-1

[Event "Sparkassen-Open J"]
[Site "Heusenstamm, Martinsee"]
[Date "2019.11.24"]
[Round "7.5"]
[White "Vick, Edward"]
[Black "Richter, Johanna"]
[Result "1-0"]
[WhiteElo "1242"]
[BlackElo "1002"]
[PlyCount "81"]
[EventDate "2019.??.??"]
[WhiteTeam "TuS Makkabi Wiesbaden"]
[BlackTeam "SF Heidesheim"]

1. e4 d6 2. d4 Nf6 3. Nc3 g6 4. Nf3 Bg7 5. Bc4 O-O 6. Be3 c6 7. d5 c5 8. Qd2 a6
9. O-O-O b5 10. Be2 b4 11. Nb1 Nxe4 12. Qd3 Nxf2 13. Bxf2 a5 14. h4 Ba6 15. Qd2
Bxe2 16. Qxe2 a4 17. Qd3 Qc7 18. Nbd2 a3 19. b3 Nd7 20. h5 Bc3 21. hxg6 fxg6
22. Bg3 Rae8 23. Nc4 Nb6 24. Nxb6 Qxb6 25. Ng5 Bb2+ 26. Kb1 Rf5 27. Nxh7 Rc8
28. Rh6 Kg7 29. Bf4 c4 30. bxc4 Rxc4 31. Qxc4 Qc5 32. Qxc5 dxc5 33. Be3 Re5 34.
Rh3 c4 35. d6 exd6 36. Rxd6 Re7 37. Ng5 b3 38. Rh7+ Kf8 39. Rd8+ Re8 40. Rf7+
Kg8 41. Rxe8# 1-0